[Event "15th Delhi Open 2017"]
[Site "New Delhi IND"]
[Date "2017.01.16"]
[Round "10.8"]
[White "Hesham, Abdelrahman"]
[Black "Czebe, Attila"]
[Result "0-1"]
[WhiteTitle "GM"]
[BlackTitle "GM"]
[WhiteElo "2418"]
[BlackElo "2491"]
[WhiteFideId "10600183"]
[BlackFideId "705268"]
[EventDate "2017.01.09"]

1. d4 d6 2. c4 e5 3. Nc3 exd4 4. Qxd4 Nf6 5. b3 g6 6. Bb2 Bg7 7. g3 O-O 8. Bg2
Nbd7 9. Nh3 Nc5 10. Qd2 a5 11. Rc1 a4 12. b4 a3 13. Ba1 Bxh3 14. Bxh3 Na4 15.
Bg2 c6 16. O-O Nb6 17. Qd3 Ng4 18. c5 dxc5 19. bxc5 Qxd3 20. exd3 Nd7 21. Ne4
Bxa1 22. Rxa1 Ngf6 23. Nxf6+ Nxf6 24. Rab1 Ra7 25. Rb3 Re8 26. Bf3 g5 27. h3 h5
28. Rfb1 g4 29. hxg4 hxg4 30. Bg2 Re7 31. Kf1 Ne8 32. Rb4 f5 33. Re1 Kf7 34.
Rxe7+ Kxe7 35. Ke2 Nc7 36. d4 Kd7 37. Ke3 Ne6 38. Bf1 Ke7 39. Bc4 Nc7 40. Rb6
Ne6 41. Rb1 Ng5 42. d5 Ne4 43. dxc6 bxc6 44. Rh1 Ra4 45. Bb3 Rb4 46. Rh7+ Kd8
47. Be6 Nxg3 48. Rd7+ Ke8 49. Rd6 Ke7 50. Bc8 f4+ 51. Kd3 Nh1 52. Kc3 Rb5 53.
Re6+ Kd8 54. Rxc6 Nxf2 55. Kc4 Rb1 56. Bf5 Rc1+ 57. Kd5 f3 58. Rh6 g3 59. c6 g2
60. Rh8+ Ke7 61. Rg8 Kf6 62. Bd7 Nd3 63. Kd4 0-1

[Event "15th Delhi Open 2017"]
[Site "New Delhi IND"]
[Date "2017.01.16"]
[Round "10.9"]
[White "Saptarshi, Roy"]
[Black "Grover, Sahaj"]
[Result "1/2-1/2"]
[WhiteTitle "IM"]
[BlackTitle "GM"]
[WhiteElo "2418"]
[BlackElo "2467"]
[WhiteFideId "5008980"]
[BlackFideId "5021103"]
[EventDate "2017.01.09"]

1. e4 e5 2. Nc3 Nf6 3. f4 d5 4. fxe5 Nxe4 5. Qf3 Nc6 6. Bb5 Nxc3 7. dxc3 Bd7 8.
Qg3 Qe7 9. Bxc6 Bxc6 10. Nf3 Qe6 11. Nd4 Qg6 12. Qxg6 hxg6 13. Nxc6 bxc6 14. O-O
Bc5+ 15. Kh1 Ke7 16. Bf4 Ke6 17. Rf3 Rh4 18. Raf1 Rah8 19. h3 Rf8 1/2-1/2

[Event "15th Delhi Open 2017"]
[Site "New Delhi IND"]
[Date "2017.01.16"]
[Round "10.10"]
[White "David, Alberto"]
[Black "Navalgund, Niranjan"]
[Result "1-0"]
[WhiteTitle "GM"]
[WhiteElo "2569"]
[BlackElo "2207"]
[WhiteFideId "4000013"]
[BlackFideId "5030854"]
[EventDate "2017.01.09"]
[EventType "swiss"]

1. d4 d5 2. c4 c6 3. Nc3 Nf6 4. Nf3 e6 5. e3 Nbd7 6. Qc2 Bd6 7. Be2 dxc4 8. Bxc4
b5 9. Be2 Bb7 10. O-O O-O 11. e4 e5 12. Rd1 Qc7 13. g3 Rfe8 14. dxe5 Nxe5 15.
Nd4 Bc5 16. Nb3 Bb6 17. a3 h6 18. Kg2 a6 19. f4 Neg4 20. Bf3 c5 21. h3 b4 22.
Nd5 Nxd5 23. exd5 Ne3+ 24. Bxe3 Rxe3 25. axb4 c4 26. Na5 c3 27. Nxb7 cxb2 28.
Qxb2 Qxb7 29. Ra3 Rae8 30. Rxe3 Rxe3 31. Qd2 g6 32. Rc1 h5 33. h4 Ba7 34. Rc6
Rb3 35. f5 Be3 36. Qe2 Qxb4 37. fxg6 f5 38. Rc8+ Kg7 39. Rc7+ Kg8 40. d6 Qd4 41.
d7 Rb2 42. d8=Q+ Qxd8 43. Qxb2 Qxc7 44. Bd5+ 1-0

[Event "15th Delhi Open 2017"]
[Site "New Delhi IND"]
[Date "2017.01.16"]
[Round "10.11"]
[White "Sunilduth Lyna, Narayanan"]
[Black "Roy Chowdhury, Saptarshi"]
[Result "1-0"]
[WhiteTitle "GM"]
[BlackTitle "GM"]
[WhiteElo "2541"]
[BlackElo "2351"]
[WhiteFideId "5058422"]
[BlackFideId "5002974"]
[EventDate "2017.01.09"]
[EventType "swiss"]

1. d4 Nf6 2. c4 d6 3. Nc3 Nbd7 4. e4 e5 5. Nf3 Be7 6. Be2 O-O 7. O-O c6 8. Qc2
Re8 9. Rd1 Qc7 10. Rb1 a5 11. h3 Bf8 12. d5 Nc5 13. Bg5 Nfd7 14. b3 Na6 15. a3
h6 16. Be3 Nf6 17. b4 axb4 18. axb4 Bd7 19. Nd2 Rec8 20. Rdc1 Qd8 21. Qb2 Ne8
22. Ra1 c5 23. bxc5 dxc5 24. Nf3 f6 25. Na4 Nb4 26. Nxc5 Rxc5 27. Rxa8 Qxa8 28.
Qxb4 Ra5 29. c5 Bc8 30. d6 1-0

[Event "15th Delhi Open 2017"]
[Site "New Delhi IND"]
[Date "2017.01.16"]
[Round "10.12"]
[White "Dhulipalla, Bala Chandra Prasad"]
[Black "Bernadskiy, Vitaliy"]
[Result "1/2-1/2"]
[BlackTitle "GM"]
[WhiteElo "2353"]
[BlackElo "2540"]
[WhiteFideId "25005812"]
[BlackFideId "14100371"]
[EventDate "2017.01.09"]
[EventType "swiss"]

1. d4 g6 2. e4 Bg7 3. Nc3 a6 4. Be3 b5 5. f4 b4 6. Nce2 Bb7 7. e5 e6 8. Qd2 Nc6
9. Nf3 Nge7 10. c4 bxc3 11. Nxc3 Nb4 12. Be2 Nf5 13. Bf2 d6 14. O-O dxe5 15.
dxe5 Qxd2 16. Nxd2 O-O-O 17. Nde4 Nd3 18. Bxd3 Rxd3 19. Nc5 Rd2 20. Nxb7 Kxb7
21. Ne4 Rxb2 22. Nc5+ Kc8 23. Rfb1 Rb6 24. Rxb6 cxb6 25. Na4 Kb7 26. Nxb6 Rd8
27. Nc4 Rd5 28. g4 Nd4 29. Rb1+ Kc7 30. Nd6 Kc6 31. Rb4 Ne2+ 32. Kf1 Nxf4 33.
Rb6+ Kd7 34. Rb7+ Kc6 35. Rb6+ Kd7 1/2-1/2

[Event "15th Delhi Open 2017"]
[Site "New Delhi IND"]
[Date "2017.01.16"]
[Round "10.13"]
[White "Horvath, Adam1"]
[Black "Kathmale, Sameer"]
[Result "1/2-1/2"]
[WhiteTitle "GM"]
[BlackTitle "IM"]
[WhiteElo "2499"]
[BlackElo "2313"]
[WhiteFideId "708003"]
[BlackFideId "5024498"]
[EventDate "2017.01.09"]
[EventType "swiss"]

1. e4 c6 2. d4 d5 3. Nc3 dxe4 4. Nxe4 Bf5 5. Ng3 Bg6 6. c3 Nd7 7. Nh3 e5 8. Bc4
Qc7 9. O-O O-O-O 10. f4 Nb6 11. Bb3 exf4 12. Bxf4 Bd6 13. Bxd6 Rxd6 14. Bxf7 Nf6
15. Bxg6 hxg6 16. Qd3 Nbd5 17. Rae1 Ng4 18. b4 a6 19. Rf3 Kb8 20. Nf1 Ka7 21. a3
Ndf6 22. Qxg6 Rh6 23. Qf5 Rd5 24. Qf4 Qd7 25. Nf2 Nxf2 26. Rxf2 Rdh5 27. Re5 Rh4
28. Qf5 Qc7 29. Rfe2 Nd5 30. g3 Rf6 31. Qd3 Rg4 32. Qc4 Nf4 33. R2e4 Nh3+ 34.
Kg2 Rxe4 35. Rxe4 Qd7 36. Qc5+ b6 37. Qc4 Rf2+ 38. Kh1 Rxf1+ 39. Qxf1 Qd5 40.
Qxh3 Qxe4+ 41. Kg1 Qe3+ 42. Kf1 Qf3+ 43. Kg1 Qe3+ 44. Kf1 Qf3+ 1/2-1/2

[Event "15th Delhi Open 2017"]
[Site "New Delhi IND"]
[Date "2017.01.16"]
[Round "10.14"]
[White "Kulkarni, Rakesh"]
[Black "Stopa, Jacek"]
[Result "1/2-1/2"]
[BlackTitle "GM"]
[WhiteElo "2344"]
[BlackElo "2479"]
[WhiteFideId "5037077"]
[BlackFideId "1119591"]
[EventDate "2017.01.09"]
[EventType "swiss"]

1. e4 d6 2. d4 Nf6 3. Nc3 e5 4. Nf3 Nbd7 5. Bc4 Be7 6. O-O O-O 7. Qe2 c6 8. a4
exd4 9. Nxd4 Re8 10. Rd1 Bf8 11. f3 d5 12. Ba2 c5 13. Nf5 d4 14. Nb1 Nb6 15. Ng3
Nxa4 16. c3 Qc7 17. Bg5 dxc3 18. bxc3 Nb6 19. Bxf6 gxf6 20. Nh5 Qe7 21. Nd2 Bh6
22. f4 Kh8 23. h3 Bf5 24. Qf2 Be6 25. Nf1 Rg8 26. Qh4 Rg6 27. f5 Bg5 28. Qf2 Rh6
29. fxe6 Rxh5 30. Ng3 Bh4 31. Qf3 Bxg3 32. Qxh5 fxe6 33. Qg4 Be5 34. Bxe6 Re8
35. Rxa7 Bxc3 36. Bd5 Nxd5 37. Rxd5 Bd4+ 38. Kh1 Rg8 39. Qf3 Be5 40. Qb3 Bb8 41.
Ra4 Qc7 42. e5 fxe5 43. Re4 Qf7 44. Qd3 Qf2 45. Qf3 Qxf3 46. gxf3 b6 47. Rd7 Rg7
48. Rd8+ Rg8 49. Rd7 Rg7 50. Rd8+ Rg8 51. Rd7 1/2-1/2

[Event "15th Delhi Open 2017"]
[Site "New Delhi IND"]
[Date "2017.01.16"]
[Round "10.15"]
[White "Neverov, Valeriy"]
[Black "Arjun, Kalyan"]
[Result "1/2-1/2"]
[WhiteTitle "GM"]
[WhiteElo "2478"]
[BlackElo "2269"]
[WhiteFideId "14100150"]
[BlackFideId "35018701"]
[EventDate "2017.01.09"]
[EventType "swiss"]

1. d4 d5 2. Bf4 Nf6 3. e3 c5 4. Nc3 cxd4 5. exd4 a6 6. Nf3 Bg4 7. h3 Bh5 8. g4
Bg6 9. Ne5 Nc6 10. h4 Nxe5 11. dxe5 d4 12. h5 dxc3 13. hxg6 cxb2 14. Qxd8+ Rxd8
15. Rb1 Nd5 16. gxf7+ Kxf7 17. Bd2 e6 18. Rxb2 Rd7 19. c4 Ne7 20. Rh3 Nc6 21.
Rhb3 Nxe5 22. Rxb7 Bc5 23. Rxd7+ Nxd7 24. Rb7 Ke7 25. Bd3 g6 26. Bf4 Rf8 27. Bg3
Rc8 28. Bc2 Ra8 29. Bh4+ Kd6 30. Ke2 Ra7 31. Bg3+ e5 32. Rb1 Bd4 33. Be4 Nb6 34.
Kd3 Na4 35. Bd5 Nb6 36. Ke4 Nd7 37. g5 Nc5+ 38. Kf3 Na4 39. Rb8 Nc3 40. Rd8+ Rd7
41. Rxd7+ Kxd7 42. a3 a5 43. Bg8 Ke7 44. Bd5 a4 45. Bg8 Kf8 46. Be6 Ke8 47. Bg8
Kf8 48. Be6 Ke7 49. Bg8 e4+ 50. Kg4 Bc5 51. Be5 Nd1 52. Bf6+ Kf8 53. Bd5 Nxf2+
54. Kf4 e3 55. Kf3 Nd3 56. Bc6 Nc1 57. Bxa4 e2 58. Bc3 Bxa3 59. Bd2 Be7 60. Kf2
Nd3+ 61. Kxe2 Ne5 62. Bb3 Nf7 63. c5 Bxc5 64. Bxf7 Kxf7 65. Kf3 Ke6 66. Kg4 Ke5
67. Bc1 Ke4 68. Bb2 Bd4 69. Ba3 Be3 70. Bb4 1/2-1/2

[Event "15th Delhi Open 2017"]
[Site "New Delhi IND"]
[Date "2017.01.16"]
[Round "10.16"]
[White "Neelotpal, Das"]
[Black "Aradhya, Garg"]
[Result "0-1"]
[WhiteTitle "GM"]
[WhiteElo "2462"]
[BlackElo "2230"]
[WhiteFideId "5003512"]
[BlackFideId "25006746"]
[EventDate "2017.01.09"]
[EventType "swiss"]

1. e4 e5 2. Nf3 Nc6 3. Bb5 a6 4. Ba4 Nf6 5. d3 b5 6. Bb3 Bc5 7. Nc3 d6 8. Nd5 h6
9. c3 O-O 10. h3 Be6 11. g4 Bxd5 12. exd5 Na5 13. Bc2 Nxd5 14. g5 h5 15. b4 Nxc3
16. Qd2 Bxb4 17. a3 c5 18. axb4 cxb4 19. O-O Rc8 20. Kh2 Qc7 21. Nh4 Nc6 22.
Rxa6 Nd4 23. Bd1 Nb1 24. Qxb4 Qxc1 25. Ng6 Nd2 26. Ne7+ Kh8 27. Qxd6 Nxf1+ 0-1

[Event "15th Delhi Open 2017"]
[Site "New Delhi IND"]
[Date "2017.01.16"]
[Round "10.17"]
[White "Vignesh, N R"]
[Black "Jayakumaar, S"]
[Result "1-0"]
[WhiteTitle "IM"]
[WhiteElo "2414"]
[BlackElo "2211"]
[WhiteFideId "25012215"]
[BlackFideId "5090997"]
[EventDate "2017.01.09"]
[EventType "swiss"]

1. e4 c5 2. Nf3 Nc6 3. Bb5 g6 4. Bxc6 dxc6 5. d3 Bg7 6. h3 e5 7. Be3 Qe7 8. Nc3
Nf6 9. Qd2 Nd7 10. O-O O-O 11. Nh2 b6 12. a3 Ba6 13. Bh6 c4 14. Bxg7 Kxg7 15. d4
Nf6 16. dxe5 Qxe5 17. Nf3 Qe7 18. e5 Nd7 19. Rfe1 Nc5 20. Nd4 Rad8 21. Qe3 Bb7
22. Rad1 h6 23. f4 f5 24. Rd2 Nd7 25. Red1 a6 26. Qf3 Kh8 27. Kh1 Nb8 28. Qg3
Rg8 29. Nf3 Kh7 30. Rd6 Bc8 31. Na4 b5 32. Nc5 Nd7 33. Qh4 Qxh4 34. Nxh4 Rg7 1-0

[Event "15th Delhi Open 2017"]
[Site "New Delhi IND"]
[Date "2017.01.16"]
[Round "10.18"]
[White "Sammed Jaykumar, Shete"]
[Black "Mohammad, Nubairshah Shaikh"]
[Result "0-1"]
[BlackTitle "IM"]
[WhiteElo "2282"]
[BlackElo "2412"]
[WhiteFideId "5073421"]
[BlackFideId "5053196"]
[EventDate "2017.01.09"]
[EventType "swiss"]

1. e4 c5 2. Nf3 e6 3. d4 cxd4 4. Nxd4 a6 5. c4 Nf6 6. Nc3 Qc7 7. a3 b6 8. Be3
Bb7 9. f3 Be7 10. Be2 O-O 11. Rc1 d6 12. O-O Nbd7 13. Qd2 Rac8 14. b4 Qb8 15.
Rfd1 Bd8 16. Nb3 Ne5 17. Bf4 Bc7 18. Bxe5 dxe5 19. Kh1 Nh5 20. Qe3 Bd8 21. Na4
Nf4 22. Bf1 Bc6 23. b5 Be8 24. Rxd8 Rxd8 25. Nxb6 axb5 26. cxb5 Rd6 27. Nc4 Bxb5
28. Nxd6 Bxf1 29. Rxf1 Qxd6 30. g3 Nd3 31. Nc1 Rd8 32. a4 Nc5 33. a5 Qa6 34. Qe1
h6 35. Rf2 Qc4 36. Kg2 Rd4 37. h4 Kh7 38. h5 Kg8 39. Rb2 Kh7 0-1

[Event "15th Delhi Open 2017"]
[Site "New Delhi IND"]
[Date "2017.01.16"]
[Round "10.19"]
[White "Ravi, Teja S."]
[Black "Debarshi, Mukherjee"]
[Result "1/2-1/2"]
[WhiteTitle "IM"]
[WhiteElo "2388"]
[BlackElo "2193"]
[WhiteFideId "5017220"]
[BlackFideId "5007291"]
[EventDate "2017.01.09"]
[EventType "swiss"]

1. d4 Nf6 2. Nf3 g6 3. c3 Bg7 4. Bg5 O-O 5. Nbd2 d6 6. e4 Nbd7 7. Bd3 c6 8. h3
Qc7 9. O-O e5 10. Re1 Re8 11. Qc2 b6 12. a4 a6 13. Be3 Bb7 14. a5 b5 15. dxe5
dxe5 16. c4 Rac8 17. b4 Bf8 18. Qb3 Qd6 1/2-1/2

[Event "15th Delhi Open 2017"]
[Site "New Delhi IND"]
[Date "2017.01.16"]
[Round "10.21"]
[White "Thakur, Akash"]
[Black "Singh, S. Vikramjit"]
[Result "1/2-1/2"]
[WhiteTitle "FM"]
[WhiteElo "2369"]
[BlackElo "2145"]
[WhiteFideId "5008514"]
[BlackFideId "5006090"]
[EventDate "2017.01.09"]
[EventType "swiss"]

1. e4 c5 2. Nf3 d6 3. Bb5+ Bd7 4. Bxd7+ Qxd7 5. c4 Nf6 6. Nc3 g6 7. d4 cxd4 8.
Nxd4 Bg7 9. f3 O-O 10. Be3 Nc6 11. O-O 1/2-1/2

[Event "15th Delhi Open 2017"]
[Site "New Delhi IND"]
[Date "2017.01.16"]
[Round "10.22"]
[White "Murali, Krishnan B T"]
[Black "Iniyan, P"]
[Result "1/2-1/2"]
[WhiteTitle "IM"]
[WhiteElo "2255"]
[BlackElo "2363"]
[WhiteFideId "5004977"]
[BlackFideId "25002767"]
[EventDate "2017.01.09"]
[EventType "swiss"]

1. d4 Nf6 2. c4 g6 3. Nc3 Bg7 4. e4 d6 5. f3 O-O 6. Be3 c5 7. Nge2 Nc6 8. dxc5
dxc5 9. Qxd8 Rxd8 10. Bxc5 b6 11. Ba3 Ba6 12. Nb5 Rac8 13. Nec3 Bh6 14. Be2 Rd2
15. Rd1 Rxd1+ 16. Bxd1 e6 17. Kf2 Ne5 18. Be2 Nxc4 19. Bxc4 Rxc4 20. Rd1 Bxb5
21. Nxb5 Rc2+ 22. Kf1 Kg7 23. Rd8 Rc1+ 24. Ke2 Rc2+ 25. Kd1 Rc1+ 26. Ke2 Rc2+
27. Ke1 Rc1+ 28. Ke2 1/2-1/2

[Event "15th Delhi Open 2017"]
[Site "New Delhi IND"]
[Date "2017.01.16"]
[Round "10.23"]
[White "Nitin, S."]
[Black "Sadhwani, Raunak"]
[Result "1-0"]
[WhiteTitle "IM"]
[BlackTitle "CM"]
[WhiteElo "2427"]
[BlackElo "2246"]
[WhiteFideId "5018277"]
[BlackFideId "35093487"]
[EventDate "2017.01.09"]
[EventType "swiss"]

1. e4 c5 2. Nf3 d6 3. d4 cxd4 4. Nxd4 Nf6 5. Nc3 a6 6. Be3 e5 7. Nb3 Be7 8. h3
Be6 9. f4 exf4 10. Bxf4 Nc6 11. Qe2 O-O 12. O-O-O Qc7 13. Kb1 b5 14. g4 b4 15.
Nd5 Bxd5 16. exd5 Ne5 17. Bg2 Nfd7 18. Nd4 Rfe8 19. Nc6 Bf6 20. Qf1 Ng6 21. Bc1
h6 22. Qc4 Nh4 23. Ne7+ Rxe7 24. Qxc7 Nxg2 25. Rhg1 Nc5 26. Qc6 1-0

[Event "15th Delhi Open 2017"]
[Site "New Delhi IND"]
[Date "2017.01.16"]
[Round "10.25"]
[White "Abhilash, Reddy M.L."]
[Black "Nouri, Hamed"]
[Result "1/2-1/2"]
[WhiteElo "2149"]
[BlackElo "2363"]
[WhiteFideId "5024668"]
[BlackFideId "5201454"]
[EventDate "2017.01.09"]
[EventType "swiss"]

1. d4 c5 2. d5 Nf6 3. Nc3 g6 4. e4 d6 5. Be2 Bg7 6. Nf3 O-O 7. O-O e6 8. dxe6
Bxe6 9. Ng5 Nc6 10. Be3 Qe7 11. Re1 h6 12. Nxe6 fxe6 13. Qd2 Kh7 14. f4 Nd4 15.
Rad1 Rad8 16. Qd3 a6 17. a4 Qc7 18. Kh1 Nd7 19. Bg4 Nf6 20. Bh3 e5 21. Rf1 Qc6
22. b3 b5 23. axb5 axb5 24. Nd5 c4 25. bxc4 bxc4 26. Nxf6+ Rxf6 27. Qc3 Qxe4 28.
Bxd4 exd4 29. Rxd4 Rxf4 30. Rxf4 Qxf4 31. Rxf4 Bxc3 32. Rxc4 1/2-1/2

[Event "15th Delhi Open 2017"]
[Site "New Delhi IND"]
[Date "2017.01.16"]
[Round "10.26"]
[White "Masango, Spencer"]
[Black "Srijit, Paul"]
[Result "1-0"]
[WhiteElo "2198"]
[BlackElo "2347"]
[WhiteFideId "14300753"]
[BlackFideId "5094798"]
[EventDate "2017.01.09"]
[EventType "swiss"]

1. Nf3 g6 2. c4 f5 3. d4 Nf6 4. Nc3 Bg7 5. Qc2 d6 6. h4 Nbd7 7. Bg5 c6 8. e3 Qa5
9. Nd2 e5 10. O-O-O Qc7 11. dxe5 dxe5 12. h5 Nxh5 13. g4 fxg4 14. Nde4 O-O 15.
Be7 Rf5 16. c5 Nf8 17. Bd8 Qf7 18. Bh4 Be6 19. Nd6 Qc7 20. Nce4 b5 21. cxb6 Qxb6
22. Bc4 Rb8 23. Be7 Bxc4 24. Qxc4+ Kh8 25. Rd2 Rf3 26. Ng5 Bf6 1-0

[Event "15th Delhi Open 2017"]
[Site "New Delhi IND"]
[Date "2017.01.16"]
[Round "10.27"]
[White "Sangma, Rahul"]
[Black "Deshmukh, Anup"]
[Result "0-1"]
[WhiteTitle "IM"]
[BlackTitle "IM"]
[WhiteElo "2314"]
[BlackElo "2244"]
[WhiteFideId "5013615"]
[BlackFideId "5000564"]
[EventDate "2017.01.09"]
[EventType "swiss"]

1. c4 e5 2. Nc3 Nf6 3. g3 Nc6 4. Bg2 d5 5. cxd5 Nxd5 6. Nf3 Nb6 7. O-O Be7 8. a3
a5 9. b3 O-O 10. Bb2 f5 11. d3 Bf6 12. e3 Be6 13. Qc2 Qe7 14. Rac1 Rfd8 15. Rfd1
Rd7 16. Nd2 Rad8 17. Bxc6 bxc6 18. Nc4 Qf7 19. Nxa5 h5 20. b4 h4 21. d4 hxg3 22.
hxg3 exd4 23. Nxc6 Re8 24. Nxd4 Bxd4 25. Rxd4 Rxd4 26. exd4 Bb3 27. Qd3 Nd5 28.
Ne2 Ba2 29. Ra1 Qh5 30. Kf1 Rxe2 31. g4 0-1

[Event "15th Delhi Open 2017"]
[Site "New Delhi IND"]
[Date "2017.01.16"]
[Round "10.28"]
[White "Tokhirjonova, Gulrukhbegim"]
[Black "Pranav, Shetty"]
[Result "1-0"]
[WhiteTitle "WGM"]
[WhiteElo "2284"]
[BlackElo "2199"]
[WhiteFideId "14203626"]
[BlackFideId "5035058"]
[EventDate "2017.01.09"]
[EventType "swiss"]

1. e4 c5 2. Nf3 d6 3. d4 cxd4 4. Qxd4 Nc6 5. Bb5 Qd7 6. Qd3 a6 7. Bc4 Ne5 8.
Nxe5 dxe5 9. Qc3 Qd4 10. O-O Qxc3 11. Nxc3 e6 12. a4 Ne7 13. Be3 Nc6 14. Rfd1
Be7 15. Bb6 Bd7 16. Ne2 Bd8 17. Be3 Bc7 18. c3 Rd8 19. b4 Bc8 20. Re1 Ke7 21.
Nc1 h6 22. Nb3 f5 23. f3 f4 24. Bc5+ Kf6 25. Be2 g5 26. Reb1 Rd7 27. Bf2 Rg7 28.
h3 h5 29. Kf1 Re8 30. Ke1 Reg8 31. Kd2 Rd8+ 32. Kc2 Rdg8 33. Nd2 h4 34. b5 Na5
35. c4 Rd8 36. c5 Rgd7 37. Nf1 Rd4 38. Bxd4 exd4 39. Bd3 e5 40. Nd2 Ke7 41. Nc4
Nxc4 42. Bxc4 Rf8 43. Bd5 Rf6 44. Kd3 Kd8 45. Rc1 Ba5 46. Rab1 Bc7 1-0

[Event "15th Delhi Open 2017"]
[Site "New Delhi IND"]
[Date "2017.01.16"]
[Round "10.29"]
[White "Saravana, Krishnan P."]
[Black "Aronyak, Ghosh"]
[Result "1-0"]
[BlackTitle "CM"]
[WhiteElo "2282"]
[BlackElo "2180"]
[WhiteFideId "5018382"]
[BlackFideId "25072846"]
[EventDate "2017.01.09"]
[EventType "swiss"]

1. e4 Nf6 2. e5 Nd5 3. d4 d6 4. c4 Nb6 5. exd6 cxd6 6. Nc3 g6 7. Be3 Bg7 8. Rc1
O-O 9. b3 Nc6 10. d5 Ne5 11. h3 e6 12. Be2 exd5 13. cxd5 Qe7 14. Qd2 Bf5 15. Nf3
Nxf3+ 16. Bxf3 Bxc3 17. Rxc3 Be4 18. Bxe4 Qxe4 19. O-O Nxd5 20. Rc4 Qe5 21. Bh6
Rfe8 22. Rd1 Qh5 23. Bg5 Nb6 24. Rg4 Re5 25. Bf6 Rd5 26. Rd4 Rxd4 27. Bxd4 Nd5
28. Re1 f6 29. Be5 dxe5 30. Qxd5+ Kf8 31. Rc1 Re8 32. Rc7 g5 33. Qd6+ Kg8 34.
Qxf6 Qg6 35. Qxg6+ hxg6 36. Rxb7 1-0

[Event "15th Delhi Open 2017"]
[Site "New Delhi IND"]
[Date "2017.01.16"]
[Round "10.30"]
[White "Mohammad Fahad, Rahman"]
[Black "Raja, Rithvik R"]
[Result "1-0"]
[WhiteTitle "FM"]
[BlackTitle "CM"]
[WhiteElo "2279"]
[BlackElo "1991"]
[WhiteFideId "10207791"]
[BlackFideId "35007394"]
[EventDate "2017.01.09"]
[EventType "swiss"]

1. c4 c5 2. Nf3 Nc6 3. d4 cxd4 4. Nxd4 Nf6 5. Nc3 e6 6. e4 Bb4 7. Nxc6 bxc6 8.
Bd3 d5 9. cxd5 exd5 10. e5 Ng4 11. O-O O-O 12. Bf4 Re8 13. Qc2 h6 14. Rfe1 d4
15. Rad1 Qa5 16. Bh7+ Kh8 17. Rxd4 Nf6 18. Be4 Bxc3 19. bxc3 Nxe4 20. Qxe4 Qxc3
21. Rc1 Qa5 22. Qe3 Bf5 23. g4 Bh7 24. Qb3 Kg8 25. Rd7 Bg6 26. h4 Rab8 27. Qf3
Rbd8 28. e6 Rxe6 29. Qc3 Re1+ 30. Kh2 Qb6 31. Rxd8+ Qxd8 32. Rxe1 Qxh4+ 33. Kg1
Qxg4+ 34. Qg3 Qd7 35. Bd6 Qf5 36. a3 Qd5 37. Qe5 Qf3 38. Qf4 Qd5 39. Bb4 Qd3 40.
Qe3 Qc4 41. Bc3 Qg4+ 42. Qg3 Qf5 43. Re3 h5 44. Qe5 Qg4+ 45. Rg3 Qd1+ 46. Kh2 f6
47. Qe3 Qc2 48. Rg1 Kh7 49. Bd4 a6 50. Rg2 Qf5 51. Rg3 Qb1 52. Qf3 Qc2 53. Qf4
Qc4 54. Rc3 Qe6 55. Re3 Qd7 56. Bc5 Qd5 57. Bf8 Qf7 58. Qd6 Qa2 59. Kg2 h4 60.
Qf4 Kg8 61. Bb4 Qd5+ 62. Kh2 Qh5 63. Rh3 1-0

[Event "15th Delhi Open 2017"]
[Site "New Delhi IND"]
[Date "2017.01.16"]
[Round "10.31"]
[White "Gireman, Ja"]
[Black "Gajwa, Ankit"]
[Result "0-1"]
[BlackTitle "FM"]
[WhiteElo "2199"]
[BlackElo "2275"]
[WhiteFideId "5043794"]
[BlackFideId "5077834"]
[EventDate "2017.01.09"]
[EventType "swiss"]

1. e4 e5 2. Nf3 Nc6 3. Bc4 Nf6 4. d4 exd4 5. O-O Nxe4 6. Re1 d5 7. Bxd5 Qxd5 8.
Nc3 Qa5 9. Nxe4 Be6 10. Neg5 O-O-O 11. Nxe6 fxe6 12. Rxe6 h6 13. Qe2 g5 14. Bd2
Qd5 15. h3 Bg7 16. a4 d3 17. cxd3 Bxb2 18. Re1 Bg7 19. Rg6 Bf8 20. Bc3 Rh7 21.
Re6 Be7 22. Qb2 Rd6 23. Rxd6 Bxd6 24. Re8+ Kd7 25. Re1 Kc8 26. Rb1 b6 27. Qb5
Qxb5 28. axb5 Ne7 29. Ra1 Kb7 30. Be5 Bxe5 31. Nxe5 c6 32. bxc6+ Nxc6 33. Ng4 b5
34. Rd1 Nd4 35. Re1 a5 36. Nf6 Rf7 37. Ne4 Kb6 38. Rb1 Rc7 39. h4 gxh4 40. f4 a4
41. Nd2 Rc2 42. Nc4+ Kc5 43. Ne3 Re2 44. Rc1+ Kd6 45. Nd1 a3 46. Nc3 b4 47. Na4
a2 0-1